| 000 | 00534nam a2200169Ia 4500 | ||
|---|---|---|---|
| 008 | 090201s9999 xx 000 0 und d | ||
| 010 | _aKPL-63917 | ||
| 040 | _bमराठी | ||
| 041 | _aमराठी | ||
| 082 |
_a1092 _b63917 |
||
| 100 | _aशिरीष कणेकर | ||
| 245 |
_aडॉलरच्या देशा _cशिरीष कणेकर |
||
| 260 |
_c2004 _bलिटरेट र्वल्ड |
||
| 300 |
_a179 _bमोठा |
||
| 600 | _aडॉलरच्या देशा | ||
| 942 | _cBOOK | ||
| 999 |
_c202187 _d202187 |
||